[Event "34. Copenhagen Open (Politiken Cup)"]
[Site "Elsinore"]
[Date "2012.07.31"]
[Round "5"]
[White "Jensen, Morten Frank"]
[Black "Satre, Roger"]
[Result "1-0"]
[WhiteElo "2037"]
[BlackElo "1866"]
[PlyCount "85"]
[EventDate "2012.07.28"]
[EventType "swiss"]
[EventRounds "10"]
[EventCountry "DEN"]
[Source "ChessBase"]
[SourceDate "2012.08.24"]

1. b3 e5 2. Bb2 Nc6 3. e3 g6 4. Bb5 Nge7 5. f4 Bg7 6. Nf3 d6 7. fxe5 O-O 8. O-O
dxe5 9. Qe1 a6 10. Be2 Nf5 11. e4 Nfd4 12. Na3 b5 13. c3 Ne6 14. Qf2 Nf4 15.
Rad1 Bh3 16. g3 Bxf1 17. Qxf1 Nxe2+ 18. Qxe2 Qd7 19. Nc2 Rad8 20. d4 f5 21. Ba3
Rfe8 22. d5 Ne7 23. Ng5 Nc8 24. Rf1 Nd6 25. exf5 Nxf5 26. g4 Nh6 27. Ne3 c6 28.
c4 cxd5 29. cxd5 Qa7 30. Kg2 Bf8 31. Bc1 Qd4 32. Bb2 Qb6 33. Bc1 Bg7 34. Ba3
Rd7 35. h3 Nf7 36. Ne4 Bf8 37. Nf6+ Qxf6 38. Rxf6 Bxa3 39. Rxa6 Bc5 40. Qxb5
Bxe3 41. Qxd7 Rd8 42. Qe6 Kf8 43. Rc6 1-0

[Event "34. Copenhagen Open (Politiken Cup)"]
[Site "Elsinore"]
[Date "2012.07.31"]
[Round "5"]
[White "Jensen, Tobias Ilsoe"]
[Black "Hinrichs, Jan"]
[Result "0-1"]
[WhiteElo "1812"]
[BlackElo "2008"]
[PlyCount "138"]
[EventDate "2012.07.28"]
[EventType "swiss"]
[EventRounds "10"]
[EventCountry "DEN"]
[Source "ChessBase"]
[SourceDate "2012.08.24"]

1. d4 Nf6 2. c4 c5 3. d5 e6 4. Nc3 exd5 5. cxd5 d6 6. e4 g6 7. Nge2 Bg7 8. Ng3
O-O 9. Be2 b6 10. O-O Ba6 11. Bf4 Bxe2 12. Qxe2 Re8 13. Qd2 Ng4 14. Rae1 a6 15.
a4 Ra7 16. b3 Nxh2 17. Kxh2 Bxc3 18. Qxc3 Qh4+ 19. Kg1 Qxf4 20. Re3 Nd7 21. Ne2
Qf6 22. f4 Qxc3 23. Nxc3 Nf6 24. Rfe1 Ng4 25. R3e2 f6 26. g3 Rae7 27. Kg2 Kf7
28. Kf3 f5 29. Rh1 h5 30. Rhe1 Kf6 31. Kg2 Kf7 32. Kf3 g5 33. exf5 Rxe2 34.
Rxe2 Rxe2 35. Kxe2 gxf4 36. gxf4 Nh6 37. f6 Kxf6 38. Ne4+ Ke7 39. Ng3 h4 40.
Ne4 Nf5 41. Kf3 h3 42. Kf2 Nd4 43. Kg3 Ne2+ 44. Kf3 h2 45. Nf2 Nc3 46. Kg2 Nxd5
47. Nd3 Kf6 48. Kxh2 Kf5 49. Kg3 Ke4 50. Nf2+ Kd4 51. f5 Ke5 52. Kf3 Kxf5 53.
Ke2 Ke5 54. Kd3 Nf6 55. b4 cxb4 56. Kc4 d5+ 57. Kxb4 Kd4 58. Nd1 Ne4 59. Nb2
Ke3 60. Kb3 Kd2 61. Ka2 Kc2 62. Ka3 Nd2 63. a5 b5 64. Kb4 Ne4 65. Ka3 d4 66.
Ka2 d3 67. Nxd3 Kxd3 68. Kb3 Nf6 69. Kb4 Kd4 0-1

[Event "34. Copenhagen Open (Politiken Cup)"]
[Site "Elsinore"]
[Date "2012.07.31"]
[Round "5"]
[White "Jensen, Torben Brieghel"]
[Black "Hansen, Tommy"]
[Result "0-1"]
[WhiteElo "1514"]
[BlackElo "1856"]
[PlyCount "40"]
[EventDate "2012.07.28"]
[EventType "swiss"]
[EventRounds "10"]
[EventCountry "DEN"]
[Source "ChessBase"]
[SourceDate "2012.08.24"]

1. e4 Nf6 2. e5 Nd5 3. d4 d6 4. c4 Nb6 5. exd6 cxd6 6. Nc3 g6 7. Bd3 Bg7 8.
Nge2 Nc6 9. Be3 O-O 10. b3 e5 11. Bc2 Qe7 12. O-O f5 13. dxe5 dxe5 14. f4 Rd8
15. Qe1 Nb4 16. Rc1 e4 17. Qf2 Nd3 18. Bxd3 exd3 19. Nd4 Qxe3 20. Qxe3 Bxd4 0-1

[Event "34. Copenhagen Open (Politiken Cup)"]
[Site "Elsinore"]
[Date "2012.07.31"]
[Round "5"]
[White "Johansen, Stian"]
[Black "Nassetti, Francesco"]
[Result "0-1"]
[WhiteElo "2021"]
[BlackElo "1843"]
[PlyCount "46"]
[EventDate "2012.07.28"]
[EventType "swiss"]
[EventRounds "10"]
[EventCountry "DEN"]
[Source "ChessBase"]
[SourceDate "2012.08.24"]

1. e4 Nf6 2. e5 Nd5 3. c4 Nb6 4. d4 d6 5. Nf3 g6 6. Nc3 dxe5 7. Nxe5 Bg7 8. Be3
O-O 9. Qb3 Nc6 10. Nxc6 bxc6 11. Rd1 e6 12. a4 Qe7 13. a5 Nd7 14. Qa4 Rb8 15.
Qxc6 Rxb2 16. Qxc7 Qb4 17. Rc1 e5 18. d5 e4 19. Bd2 Rxd2 20. Kxd2 Bh6+ 21. Kc2
Bxc1 22. Nxe4 Qb2+ 23. Kd1 f5 0-1

[Event "34. Copenhagen Open (Politiken Cup)"]
[Site "Elsinore"]
[Date "2012.07.31"]
[Round "5"]
[White "Jorgensen, Carina Eilegaard"]
[Black "Andersen, Daniel"]
[Result "1-0"]
[WhiteElo "2039"]
[BlackElo "1870"]
[PlyCount "81"]
[EventDate "2012.07.28"]
[EventType "swiss"]
[EventRounds "10"]
[EventCountry "DEN"]
[Source "ChessBase"]
[SourceDate "2012.08.24"]

1. c4 Nf6 2. g3 c6 3. Bg2 d5 4. cxd5 cxd5 5. d4 g6 6. Nf3 Bg7 7. O-O O-O 8. Nc3
Ne4 9. Bf4 Nxc3 10. bxc3 Nc6 11. Rc1 Na5 12. Ne5 Be6 13. Qa4 Rc8 14. Rfd1 a6
15. e4 dxe4 16. Bxe4 b5 17. Qa3 Bc4 18. h4 e6 19. Nxc4 Rxc4 20. Bd6 Ra4 21.
Bxf8 Rxa3 22. Bxa3 Nc4 23. Bb4 Bh6 24. Ra1 f5 25. Bg2 f4 26. Bh3 Qf6 27. Rd3
fxg3 28. Rxg3 Bf4 29. Rg4 Nd2 30. h5 Nf3+ 31. Kh1 Kf7 32. hxg6+ hxg6 33. a4 g5
34. axb5 axb5 35. Ra7+ Kg6 36. Ra8 Qf5 37. Rg8+ Kh7 38. Rh4+ Nxh4 39. Bxf5+
Kxg8 40. Bxe6+ Kg7 41. Bd7 1-0

[Event "34. Copenhagen Open (Politiken Cup)"]
[Site "Elsinore"]
[Date "2012.07.31"]
[Round "5"]
[White "Justinussen, Sigurd B"]
[Black "Lilja, Richard"]
[Result "0-1"]
[WhiteElo "1952"]
[BlackElo "2136"]
[PlyCount "76"]
[EventDate "2012.07.28"]
[EventType "swiss"]
[EventRounds "10"]
[EventCountry "DEN"]
[Source "ChessBase"]
[SourceDate "2012.08.24"]

1. e4 e5 2. Bc4 Bc5 3. Nf3 Nc6 4. O-O Nf6 5. d3 d6 6. Bg5 h6 7. Be3 Bxe3 8.
fxe3 Na5 9. Nbd2 Nxc4 10. Nxc4 Be6 11. Ncd2 c6 12. b3 O-O 13. Qe2 Re8 14. Nh4
d5 15. exd5 cxd5 16. Nf5 Qd7 17. Ng3 Rac8 18. Rac1 Qe7 19. Nf3 Bg4 20. e4 d4
21. h3 Bh5 22. Nf5 Qf8 23. g4 Bg6 24. N3h4 Bxf5 25. Nxf5 Rc6 26. Qf2 Rec8 27.
Qh4 Rxc2 28. Rxc2 Rxc2 29. Nxh6+ gxh6 30. Qxf6 Rd2 31. Rf3 Rxa2 32. Qxe5 Rb2
33. Qxd4 Rxb3 34. Qxa7 Qd6 35. Qa8+ Kg7 36. Qa1+ f6 37. Qf1 Rb2 38. Rf4 Qb6+
0-1

[Event "34. Copenhagen Open (Politiken Cup)"]
[Site "Elsinore"]
[Date "2012.07.31"]
[Round "5"]
[White "Karlsson, Jorgen"]
[Black "Tandrup, Michael"]
[Result "1/2-1/2"]
[WhiteElo "2163"]
[BlackElo "1955"]
[PlyCount "75"]
[EventDate "2012.07.28"]
[EventType "swiss"]
[EventRounds "10"]
[EventCountry "DEN"]
[Source "ChessBase"]
[SourceDate "2012.08.24"]

1. Nf3 g6 2. g3 Bg7 3. Bg2 Nf6 4. c4 c5 5. O-O Nc6 6. d4 cxd4 7. Nxd4 O-O 8.
Nc3 Nxd4 9. Qxd4 d6 10. Qd2 Qc7 11. b3 Bd7 12. Bb2 Bc6 13. e4 a6 14. Rac1 Qb6
15. h3 h5 16. Rce1 Kh7 17. Bc1 Ng8 18. Kh2 Qd4 19. Ne2 Qxd2 20. Bxd2 Rac8 21.
Bc3 b5 22. Bxg7 Kxg7 23. Nd4 bxc4 24. bxc4 Bd7 25. Rc1 e5 26. Nb3 Be6 27. Rfd1
Rxc4 28. Rxd6 Rxc1 29. Nxc1 Rc8 30. Nd3 Bxa2 31. Nxe5 Rc2 32. Nd3 Bc4 33. Kg1
Rd2 34. Bf1 Nf6 35. Rd4 Bxd3 36. Rxd3 Nxe4 37. Rxd2 Nxd2 38. Bxa6 1/2-1/2

[Event "34. Copenhagen Open (Politiken Cup)"]
[Site "Elsinore"]
[Date "2012.07.31"]
[Round "5"]
[White "Karlsson, Robin"]
[Black "Andersen, Morten"]
[Result "1/2-1/2"]
[WhiteElo "1978"]
[BlackElo "2181"]
[PlyCount "40"]
[EventDate "2012.07.28"]
[EventType "swiss"]
[EventRounds "10"]
[EventCountry "DEN"]
[Source "ChessBase"]
[SourceDate "2012.08.24"]

1. d4 d5 2. c4 dxc4 3. e3 e5 4. Bxc4 Nc6 5. Qb3 Bb4+ 6. Bd2 Bxd2+ 7. Nxd2 Nh6
8. d5 Nb8 9. Ngf3 f6 10. O-O Nf7 11. Ne4 Nd6 12. Bb5+ Kf7 13. Nxd6+ cxd6 14.
Rac1 a6 15. Bd3 g6 16. Rc3 Nd7 17. Qc2 Re8 18. e4 Nb6 19. Rc1 Bd7 20. b3 Qe7
1/2-1/2

[Event "34. Copenhagen Open (Politiken Cup)"]
[Site "Elsinore"]
[Date "2012.07.31"]
[Round "5"]
[White "Kristensen, Bjarke Hautop"]
[Black "Johansen, Kai Roger"]
[Result "1-0"]
[WhiteElo "1824"]
[BlackElo "2016"]
[PlyCount "84"]
[EventDate "2012.07.28"]
[EventType "swiss"]
[EventRounds "10"]
[EventCountry "DEN"]
[Source "ChessBase"]
[SourceDate "2012.08.24"]

1. c4 e5 2. Nc3 Nf6 3. g3 Nc6 4. Bg2 Bc5 5. e3 O-O 6. Nge2 d6 7. O-O a6 8. a3
Bf5 9. d3 Qd7 10. b4 Ba7 11. e4 Bh3 12. Bb2 h5 13. Nd5 Ne8 14. Qd2 Bg4 15. Rac1
Ne7 16. Nec3 c6 17. Ne3 Be6 18. Ne2 Ng6 19. d4 Bh3 20. dxe5 dxe5 21. Qxd7 Bxd7
22. c5 f6 23. Rfd1 Be6 24. Nf5 Kf7 25. Rc3 Ne7 26. Bh3 Rc8 27. Nd6+ Nxd6 28.
Bxe6+ Kxe6 29. Rxd6+ Kf7 30. Rd7 Rb8 31. Rcd3 Rfc8 32. f4 exf4 33. gxf4 Ke8 34.
e5 f5 35. e6 Rd8 36. Bxg7 Rxd7 37. exd7+ Kd8 38. Bf6 b6 39. Re3 bxc5 40. Bxe7+
Kxd7 41. bxc5 Rg8+ 42. Kf2 Bb8 1-0

[Event "34. Copenhagen Open (Politiken Cup)"]
[Site "Elsinore"]
[Date "2012.07.31"]
[Round "5"]
[White "Kyrkjebo, Hanna Bakken"]
[Black "Borg, Flemming"]
[Result "0-1"]
[WhiteElo "1536"]
[BlackElo "1750"]
[PlyCount "68"]
[EventDate "2012.07.28"]
[EventType "swiss"]
[EventRounds "10"]
[EventCountry "DEN"]
[Source "ChessBase"]
[SourceDate "2012.08.24"]

1. e4 b6 2. d4 Bb7 3. Nc3 e6 4. Nf3 Nf6 5. Bd3 c5 6. Be3 Nc6 7. a3 Ng4 8. Qd2
Nxe3 9. Qxe3 Qf6 10. Nb5 Qd8 11. d5 Nb8 12. d6 Na6 13. e5 f6 14. Qf4 f5 15. g4
g6 16. gxf5 exf5 17. Rg1 Bd5 18. Bc4 Bxc4 19. Qxc4 Bh6 20. Qa4 Qc8 21. Qxa6 Qc6
22. Nc7+ Kf7 23. Qc4+ Kg7 24. Nxa8 Qxf3 25. Nc7 Bf4 26. Qe2 Qh3 27. Nd5 Qxh2
28. Rf1 Re8 29. Nxf4 Qxf4 30. Kd1 Rxe5 31. Qd2 Qc4 32. Re1 Rd5 33. Re7+ Kf6 34.
Rxh7 Qf1# 0-1

[Event "34. Copenhagen Open (Politiken Cup)"]
[Site "Elsinore"]
[Date "2012.07.31"]
[Round "5"]
[White "L'Ami, Alina"]
[Black "Schandorff, Lars"]
[Result "1/2-1/2"]
[WhiteElo "2372"]
[BlackElo "2516"]
[PlyCount "53"]
[EventDate "2012.07.28"]
[EventType "swiss"]
[EventRounds "10"]
[EventCountry "DEN"]
[Source "ChessBase"]
[SourceDate "2012.08.24"]

1. d4 d5 2. c4 c6 3. Nf3 Nf6 4. Nc3 e6 5. Bg5 h6 6. Bh4 dxc4 7. e4 g5 8. Bg3 b5
9. h4 g4 10. Ne5 h5 11. Be2 b4 12. Na4 Nxe4 13. Bxc4 Nxg3 14. fxg3 Bg7 15. Nc5
Bxe5 16. dxe5 Qxd1+ 17. Rxd1 Nd7 18. Nxd7 Bxd7 19. Ke2 Ke7 20. Rhf1 a5 21.
Rxd7+ Kxd7 22. Rxf7+ Kd8 23. Bxe6 Re8 24. Rd7+ Kc8 25. Re7+ Kd8 26. Rd7+ Kc8
27. Re7+ 1/2-1/2

[Event "34. Copenhagen Open (Politiken Cup)"]
[Site "Elsinore"]
[Date "2012.07.31"]
[Round "5"]
[White "Haagen Larsen, Hans"]
[Black "Skjolas, Erling Dyrhaug"]
[Result "1-0"]
[WhiteElo "1775"]
[BlackElo "1581"]
[PlyCount "141"]
[EventDate "2012.07.28"]
[EventType "swiss"]
[EventRounds "10"]
[EventCountry "DEN"]
[Source "ChessBase"]
[SourceDate "2012.08.24"]

1. d4 e6 2. Nf3 d5 3. Bf4 Nf6 4. e3 Be7 5. Be2 O-O 6. c3 c5 7. Nbd2 c4 8. h4
Nc6 9. h5 h6 10. Qc2 b5 11. Ne5 Nxe5 12. dxe5 Nh7 13. Nf3 Bb7 14. Nd4 a6 15. g4
Qd7 16. a3 a5 17. f3 Bg5 18. Kf2 f6 19. Qg6 fxe5 20. Bxe5 Bf6 21. Bg3 Bxd4 22.
exd4 Rf6 23. Qc2 Rf7 24. Raf1 Raf8 25. Kg2 Ng5 26. Be5 Qe7 27. Qg6 b4 28. axb4
axb4 29. Bd1 b3 30. Be2 Bc6 31. Qb1 Ra8 32. Qc1 Ra2 33. Rh2 Rf8 34. f4 Nf7 35.
Kg3 Nxe5 36. dxe5 Qd8 37. Rhf2 Bd7 38. f5 exf5 39. gxf5 Qg5+ 40. Qxg5 hxg5 41.
Bg4 Kh7 42. Rd2 Bc6 43. Bh3 Re8 44. e6 Ra7 45. Kg4 Kh6 46. Bg2 Rd8 47. f6 g6
48. hxg6 Kxg6 49. Rf5 Rh7 50. e7 Re8 51. Rff2 Bd7+ 52. Kg3 Be6 53. Bxd5 Bxd5
54. Rxd5 Rf7 55. Rd8 Rexe7 56. Rg8+ Kh7 57. fxe7 Rxe7 58. Rxg5 Kh6 59. Rg4 Re3+
60. Kf4 Rh3 61. Ke4 Kh5 62. Rg8 Rh4+ 63. Kd5 Kh6 64. Rh8+ Kg5 65. Rg2+ Rg4 66.
Rg8+ Kf5 67. R2xg4 Kf6 68. Rf4+ Ke7 69. Rg7+ Ke8 70. Rh7 Kd8 71. Rf8# 1-0

[Event "34. Copenhagen Open (Politiken Cup)"]
[Site "Elsinore"]
[Date "2012.07.31"]
[Round "5"]
[White "Larsen, Ulrik Jejlskov"]
[Black "Christophersen, David"]
[Result "1-0"]
[WhiteElo "2010"]
[BlackElo "1832"]
[PlyCount "39"]
[EventDate "2012.07.28"]
[EventType "swiss"]
[EventRounds "10"]
[EventCountry "DEN"]
[Source "ChessBase"]
[SourceDate "2012.08.24"]

1. e4 d6 2. d4 Nf6 3. Nc3 g6 4. f4 Bg7 5. Nf3 c5 6. Bb5+ Bd7 7. e5 Ng4 8. e6
Bxb5 9. exf7+ Kd7 10. Nxb5 Qa5+ 11. Nc3 Nc6 12. d5 Nb4 13. Ng5 Nf6 14. O-O c4
15. Ne6 Bf8 16. f5 Nbxd5 17. Qf3 Qb6+ 18. Kh1 Nxc3 19. bxc3 Qa5 20. Qxb7+ 1-0

[Event "34. Copenhagen Open (Politiken Cup)"]
[Site "Elsinore"]
[Date "2012.07.31"]
[Round "5"]
[White "Leutwyler, Martin"]
[Black "Johansson, Anders"]
[Result "1/2-1/2"]
[WhiteElo "2190"]
[BlackElo "2029"]
[PlyCount "83"]
[EventDate "2012.07.28"]
[EventType "swiss"]
[EventRounds "10"]
[EventCountry "DEN"]
[Source "ChessBase"]
[SourceDate "2012.08.24"]

1. Nf3 c5 2. e3 Nf6 3. b3 g6 4. d4 Bg7 5. Be2 O-O 6. O-O b6 7. c4 Bb7 8. Nc3 d5
9. Ba3 Ne4 10. Nxd5 Bxd5 11. cxd5 Nc3 12. Qd2 Nxe2+ 13. Qxe2 Qxd5 14. Rfd1 Qb7
15. Rac1 cxd4 16. exd4 Re8 17. Ne5 e6 18. Rc3 Nd7 19. Nc6 Nf6 20. Bd6 Nd5 21.
Rc4 Bf8 22. Bxf8 Kxf8 23. Rdc1 Kg8 24. Qf3 Qd7 25. h4 Qd6 26. Ne5 Qf8 27. h5
Qg7 28. h6 Qf8 29. Ng4 Red8 30. Ne5 Re8 31. R1c2 Red8 32. Qh3 Re8 33. Qh4 Qe7
34. Qg3 Qf8 35. Ng4 f5 36. Ne5 Qxh6 37. Nd3 Rad8 38. Rc6 Qg7 39. Ne5 Qh6 40.
Nd3 Qg7 41. Ne5 Qh6 42. Nd3 1/2-1/2

[Event "34. Copenhagen Open (Politiken Cup)"]
[Site "Elsinore"]
[Date "2012.07.31"]
[Round "5"]
[White "Lie, Terje"]
[Black "Wimo, Jorgen"]
[Result "0-1"]
[WhiteElo "1626"]
[BlackElo "1776"]
[PlyCount "118"]
[EventDate "2012.07.28"]
[EventType "swiss"]
[EventRounds "10"]
[EventCountry "DEN"]
[Source "ChessBase"]
[SourceDate "2012.08.24"]

1. d4 Nf6 2. c4 g6 3. Nf3 Bg7 4. Nc3 O-O 5. g3 d6 6. Bg2 Nbd7 7. O-O c5 8. d5
a6 9. Qc2 Rb8 10. Nd2 b5 11. f3 Nb6 12. cxb5 Nfxd5 13. Nxd5 Nxd5 14. Ne4 axb5
15. a3 Ba6 16. Rd1 Bd4+ 17. Kh1 Nb6 18. Rxd4 cxd4 19. b4 Rc8 20. Qd1 e5 21. Bh6
Re8 22. Bg5 Qc7 23. Bh3 f5 24. Nf6+ Kf7 25. Nxe8 Kxe8 26. e4 h6 27. Bd2 Qd7 28.
exf5 gxf5 29. g4 f4 30. Kg2 Qg7 31. Qe1 Nd5 32. Kf2 Rc2 33. Bf1 Qg5 34. Bd3
Qh4+ 35. Kg1 Qxe1+ 36. Bxe1 Rc7 37. a4 Nc3 38. a5 Ke7 39. h4 Kf6 40. Bd2 d5 41.
Re1 Rg7 42. Kf1 e4 43. Bxc3 dxc3 44. Be2 e3 45. Bd3 Ke5 46. Ke2 Rc7 47. Rc1 d4
48. Rc2 Rc4 49. g5 hxg5 50. hxg5 Rxb4 51. Ra2 Rb2+ 52. Rxb2 cxb2 53. Ke1 b4 54.
Bb1 d3 55. g6 Kf6 56. Kd1 Kxg6 57. Ba2 Bb7 58. Ke1 Bxf3 59. a6 d2+ 0-1

[Event "34. Copenhagen Open (Politiken Cup)"]
[Site "Elsinore"]
[Date "2012.07.31"]
[Round "5"]
[White "Maagaard, David Bille"]
[Black "Sorensen, Dick"]
[Result "0-1"]
[WhiteElo "1843"]
[BlackElo "2023"]
[PlyCount "70"]
[EventDate "2012.07.28"]
[EventType "swiss"]
[EventRounds "10"]
[EventCountry "DEN"]
[Source "ChessBase"]
[SourceDate "2012.08.24"]

1. d4 f5 2. b3 Nf6 3. Bb2 e6 4. e3 d5 5. Be2 Bd6 6. Bf3 O-O 7. Nd2 Ne4 8. a3 c6
9. Ne2 Nd7 10. O-O Ndf6 11. c4 Bd7 12. Nf4 Qe7 13. Nd3 Rae8 14. Ne5 Bc8 15.
Bxe4 Nxe4 16. f4 Bxe5 17. dxe5 Rd8 18. Nxe4 dxe4 19. Qe2 Rd3 20. b4 Rfd8 21.
Rfd1 b6 22. Rxd3 Rxd3 23. Rd1 Qd7 24. Rxd3 exd3 25. Qd2 c5 26. Bc3 Bb7 27. b5
Ba8 28. Bb2 Qb7 29. Bc1 Qe4 30. Qa2 h6 31. a4 g5 32. Kf1 g4 33. Kg1 h5 34. Kf1
h4 35. Ke1 h3 0-1

[Event "34. Copenhagen Open (Politiken Cup)"]
[Site "Elsinore"]
[Date "2012.07.31"]
[Round "5"]
[White "Madsen, Svend Aage"]
[Black "Nielsen, Jens Holm"]
[Result "0-1"]
[WhiteElo "2074"]
[BlackElo "1914"]
[PlyCount "82"]
[EventDate "2012.07.28"]
[EventType "swiss"]
[EventRounds "10"]
[EventCountry "DEN"]
[Source "ChessBase"]
[SourceDate "2012.08.24"]

1. d4 d5 2. Nf3 c6 3. Bg5 Nf6 4. Bxf6 exf6 5. e3 Bd6 6. Nbd2 O-O 7. Bd3 Re8 8.
O-O f5 9. c4 f4 10. exf4 Bxf4 11. Qc2 h6 12. c5 Nd7 13. Rfe1 Nf6 14. Rxe8+ Qxe8
15. Re1 Qd8 16. Ne5 Bxe5 17. Rxe5 Be6 18. Bf5 Bxf5 19. Qxf5 Qa5 20. Qc2 Ne4 21.
Nf1 Qxa2 22. f3 Nf6 23. Re7 Qa6 24. g4 Re8 25. Rxe8+ Nxe8 26. Qd2 b6 27. Qe3
Qc8 28. Qe7 bxc5 29. Qxc5 Qc7 30. Ne3 Qb6 31. Qc3 Nd6 32. Kg2 a5 33. Qd2 Qb5
34. Kg3 Nc4 35. Nxc4 dxc4 36. Qe2 Qd5 37. Qe3 a4 38. h4 Qe6 39. Kf2 Qxe3+ 40.
Kxe3 c3 41. Kd3 cxb2 0-1

[Event "34. Copenhagen Open (Politiken Cup)"]
[Site "Elsinore"]
[Date "2012.07.31"]
[Round "5"]
[White "Marder, Simon"]
[Black "Undheim, Bjarne"]
[Result "1-0"]
[WhiteElo "2013"]
[BlackElo "1817"]
[PlyCount "39"]
[EventDate "2012.07.28"]
[EventType "swiss"]
[EventRounds "10"]
[EventCountry "DEN"]
[Source "ChessBase"]
[SourceDate "2012.08.24"]

1. d4 d5 2. Nc3 Nf6 3. Bg5 Nbd7 4. f3 h6 5. Bh4 c6 6. e4 dxe4 7. fxe4 Qa5 8.
Bd3 e5 9. Nf3 Ba3 10. O-O Bxb2 11. Ne2 Bxa1 12. Qxa1 exd4 13. Nfxd4 Qh5 14. Nf5
Qg6 15. e5 Qg4 16. exf6 g5 17. Nd6+ Kf8 18. Bg3 Nb6 19. Qd4 Be6 20. Bf5 1-0

[Event "34. Copenhagen Open (Politiken Cup)"]
[Site "Elsinore"]
[Date "2012.07.31"]
[Round "5"]
[White "Merkesvik, Sondre"]
[Black "Nielsen, Jan Mose"]
[Result "1/2-1/2"]
[WhiteElo "1892"]
[BlackElo "2130"]
[PlyCount "99"]
[EventDate "2012.07.28"]
[EventType "swiss"]
[EventRounds "10"]
[EventCountry "DEN"]
[Source "ChessBase"]
[SourceDate "2012.08.24"]

1. Nf3 c5 2. g3 Nc6 3. Bg2 d5 4. O-O Nf6 5. c4 e5 6. d3 h6 7. a3 Be6 8. cxd5
Nxd5 9. Nc3 Be7 10. Nxd5 Bxd5 11. Qa4 Rc8 12. Nxe5 Bxg2 13. Kxg2 Qd5+ 14. Nf3
O-O 15. Kg1 Rfe8 16. Qg4 h5 17. Qa4 Bf6 18. Be3 Bxb2 19. Rab1 Bd4 20. Bxd4 Rxe2
21. Bxc5 Qxf3 22. Be3 Ne5 23. Qe4 Qxe4 24. dxe4 b6 25. Rbc1 Rxc1 26. Rxc1 Ng4
27. Rc8+ Kh7 28. Rc7 Kg6 29. Rxa7 Nxe3 30. fxe3 Rxe3 31. Rb7 Rxa3 32. Rxb6+ Kg5
33. Rb7 Kf6 34. Rb6+ Ke5 35. Rb5+ Kxe4 36. Rxh5 g6 37. Rh4+ Ke3 38. Rb4 f5 39.
Rb2 Kf3 40. Rf2+ Kg4 41. Kg2 Ra4 42. h3+ Kg5 43. Rb2 Ra5 44. Rb3 Ra2+ 45. Kf3
Rc2 46. Ra3 Rb2 47. h4+ Kh5 48. Ra4 Rb3+ 49. Kf4 Rb1 50. Kf3 1/2-1/2

[Event "34. Copenhagen Open (Politiken Cup)"]
[Site "Elsinore"]
[Date "2012.07.31"]
[Round "5"]
[White "Mortensen, Henrik"]
[Black "Mouritsen, Jan"]
[Result "1/2-1/2"]
[WhiteElo "2018"]
[BlackElo "1822"]
[PlyCount "113"]
[EventDate "2012.07.28"]
[EventType "swiss"]
[EventRounds "10"]
[EventCountry "DEN"]
[Source "ChessBase"]
[SourceDate "2012.08.24"]

1. e4 e6 2. d4 d5 3. Nd2 Nf6 4. e5 Nfd7 5. c3 c5 6. f4 Nc6 7. Ndf3 Qb6 8. h4
cxd4 9. cxd4 Be7 10. g3 O-O 11. Bh3 Re8 12. Ne2 Nf8 13. Kf1 Bd7 14. Kg2 Rac8
15. Rf1 Nb4 16. Nc3 Bb5 17. Nxb5 Qxb5 18. Rf2 Rc7 19. a3 Nd3 20. Rd2 Nxc1 21.
Rxc1 Rec8 22. Rdc2 Rxc2+ 23. Rxc2 Qb3 24. Ne1 Bxa3 25. bxa3 Rc3 26. Kh2 Rxg3
27. Bg2 Qe3 28. Qd2 Qxa3 29. Qf2 Re3 30. Nf3 b5 31. f5 Rc3 32. Rxc3 Qxc3 33.
Qd2 Qxd2 34. Nxd2 a5 35. Bf1 b4 36. Bb5 exf5 37. Nb3 Ne6 38. Kg3 h6 39. Bc6 g5
40. hxg5 hxg5 41. Kf3 Kg7 42. Ke3 g4 43. Nxa5 f4+ 44. Kd3 f3 45. Ke3 f2 46. Bb5
g3 47. Bf1 Ng5 48. Nb3 Ne4 49. Nc5 f5 50. exf6+ Kxf6 51. Nxe4+ dxe4 52. Kxe4 b3
53. Kd3 Kf5 54. Bg2 b2 55. Kc2 f1=Q 56. Bxf1 Ke4 57. Kxb2 1/2-1/2

[Event "34. Copenhagen Open (Politiken Cup)"]
[Site "Elsinore"]
[Date "2012.07.31"]
[Round "5"]
[White "Nielsen, Aage Sondergaard"]
[Black "Hojgaard, Brandur"]
[Result "0-1"]
[WhiteElo "1957"]
[BlackElo "1686"]
[PlyCount "50"]
[EventDate "2012.07.28"]
[EventType "swiss"]
[EventRounds "10"]
[EventCountry "DEN"]
[Source "ChessBase"]
[SourceDate "2012.08.24"]

1. e4 e5 2. Bc4 Nc6 3. Nf3 Bc5 4. d3 h6 5. c3 Nf6 6. b4 Bb6 7. b5 Na5 8. Nxe5
O-O 9. Bb3 d5 10. Nd2 Nxb3 11. Qxb3 dxe4 12. Ba3 Be6 13. Qd1 Re8 14. dxe4 a6
15. bxa6 Rxa6 16. Qc1 Ng4 17. Nxg4 Bxg4 18. O-O Rxa3 19. Qxa3 Qxd2 20. Qa4 Re6
21. h3 Be2 22. Qa8+ Kh7 23. Qf8 Rf6 24. e5 Bxf1 25. exf6 Qxf2+ 0-1

[Event "34. Copenhagen Open (Politiken Cup)"]
[Site "Elsinore"]
[Date "2012.07.31"]
[Round "5"]
[White "Nielsen, Kai Gylling"]
[Black "Bratteteig, Tore Inge"]
[Result "0-1"]
[WhiteElo "1888"]
[BlackElo "1679"]
[PlyCount "70"]
[EventDate "2012.07.28"]
[EventType "swiss"]
[EventRounds "10"]
[EventCountry "DEN"]
[Source "ChessBase"]
[SourceDate "2012.08.24"]

1. c4 f5 2. Nf3 Nf6 3. Nc3 e6 4. d4 d6 5. g3 Be7 6. Bg2 O-O 7. Qc2 Qe8 8. Bd2
a5 9. O-O Nc6 10. a3 Qh5 11. d5 Ne5 12. Nxe5 dxe5 13. Bf3 Qh3 14. Nb5 e4 15.
Bg2 Qh5 16. Nxc7 exd5 17. f4 d4 18. c5 Kh8 19. Nxa8 Ng4 20. h3 Nh6 21. Nb6 Be6
22. Bxa5 g5 23. Be1 gxf4 24. Rxf4 Bg5 25. Rf1 Be3+ 26. Bf2 Qg5 27. Bxe3 Qxe3+
28. Kh2 Rg8 29. g4 Nxg4+ 30. hxg4 Rxg4 31. Rf3 exf3 32. exf3 Rh4+ 33. Kg3 Rh6
34. Bh3 f4+ 35. Kg2 Bxh3+ 0-1

[Event "34. Copenhagen Open (Politiken Cup)"]
[Site "Elsinore"]
[Date "2012.07.31"]
[Round "5"]
[White "Ochsner, Bjorn Moller"]
[Black "Hansen, Morten Moller"]
[Result "1-0"]
[WhiteElo "2290"]
[BlackElo "2095"]
[PlyCount "75"]
[EventDate "2012.07.28"]
[EventType "swiss"]
[EventRounds "10"]
[EventCountry "DEN"]
[Source "ChessBase"]
[SourceDate "2012.08.24"]

1. e4 e5 2. Nf3 Nc6 3. Bb5 a6 4. Ba4 Nf6 5. O-O b5 6. Bb3 Be7 7. Re1 d6 8. c3
Nb8 9. d4 Bg4 10. h3 Bxf3 11. Qxf3 Nbd7 12. Bg5 O-O 13. Nd2 Nxe4 14. Nxe4 Bxg5
15. Bd5 Rb8 16. Bc6 Bf4 17. g3 f5 18. gxf4 fxe4 19. Qg4 Nf6 20. Qe6+ Kh8 21.
fxe5 Rb6 22. exf6 Rxc6 23. fxg7+ Kxg7 24. Rxe4 Rf6 25. Rg4+ Rg6 26. Rxg6+ hxg6
27. Re1 Rc4 28. Re3 Qg5+ 29. Kf1 Qf5 30. Qe7+ Kh6 31. Qh4+ Qh5 32. Qf4+ Qg5 33.
Qf8+ Kh5 34. Rg3 Qc1+ 35. Kg2 Ra4 36. h4 b4 37. Qh8+ Qh6 38. Rg5+ 1-0

[Event "34. Copenhagen Open (Politiken Cup)"]
[Site "Elsinore"]
[Date "2012.07.31"]
[Round "5"]
[White "Pedersen, Christopher RNH"]
[Black "Jorgensen, Dennis"]
[Result "1-0"]
[WhiteElo "2041"]
[BlackElo "2231"]
[PlyCount "59"]
[EventDate "2012.07.28"]
[EventType "swiss"]
[EventRounds "10"]
[EventCountry "DEN"]
[Source "ChessBase"]
[SourceDate "2012.08.24"]

1. e4 c6 2. d4 d5 3. Nc3 dxe4 4. Nxe4 Bf5 5. Ng3 Bg6 6. h4 h6 7. Nf3 Nd7 8. h5
Bh7 9. Bd3 Bxd3 10. Qxd3 e6 11. Bf4 Qa5+ 12. Bd2 Bb4 13. c3 Be7 14. c4 Qc7 15.
O-O-O Ngf6 16. Rde1 O-O 17. Nf5 exf5 18. Rxe7 Qd6 19. Re2 Ne4 20. Nh4 Ne5 21.
Qc2 Qxd4 22. Nxf5 Nd3+ 23. Kb1 Qd7 24. Rxe4 Qxf5 25. Re7 Rad8 26. Rxb7 Qxf2 27.
Ba5 Qe3 28. Bxd8 Ne1 29. Qf5 Qe2 30. Rd7 1-0